| 000 | 00459nam a2200181Ia 4500 | ||
|---|---|---|---|
| 005 | 20250317123458.0 | ||
| 008 | 008 250317s9999 xx 000 0 eng d | ||
| 037 | _aTextbook | ||
| 040 |
_aFMSL _beng _cFMSL |
||
| 041 |
_aeng _2eng |
||
| 084 |
_aB28 K7 _qFMSL |
||
| 100 |
_aGREGORY _9507480 |
||
| 245 | 0 | _aStatistics | |
| 260 |
_aNY _bNY, McGraw-Hill _c1967 |
||
| 300 | _a346p | ||
| 942 |
_cTB _hB28 K7 |
||
| 999 |
_c1251430 _d1251430 |
||